Mecánica para Ingenieros. ESTÁTICA / Russell C. Hibbeler (Registro nro. 21925)
[ vista simple ]
| 000 -LÍDER | |
|---|---|
| fixed length control field | 00592nam a2200181 4500 |
| 008 - ELEMENTOS DE LONGITUD FIJA -- INFORMACIÓN GENERAL | |
| fixed length control field | 01989 1992 0aet 000 0MEX |
| 020 ## - NÚMERO INTERNACIONAL NORMALIZADO PARA LIBROS | |
| ISBN | 968-26-0818-X |
| 050 ## - SIGNATURA TOPOGRAFICA DE LA BIBLIOTECA DEL CONGRESO (LC) | |
| Número de Clasificación | TA351 H624 1992 |
| 082 ## - NUMERO DE CLASIFICACION DECIMAL DEWEY | |
| Número de Clasificación | 620.103 H784m |
| 100 ## - ASIENTO PRINCIPAL--NOMBRE PERSONAL | |
| Nombre personal | Hibbeler, Russell C. |
| 245 ## - TÍTULO | |
| Título | Mecánica para Ingenieros. ESTÁTICA / Russell C. Hibbeler |
| 250 ## - MENCIÓN DE EDICIÓN | |
| Mención de edición | 2a Ed. / 5a Reimpresión |
| 260 ## - PUBLICACIÓN, DISTRIBUCIÓN, ETC. (PIE DE IMPRENTA) | |
| Lugar de publicación, distribución, etc. | México : CECSA |
| 300 ## - DESCRIPCIÓN FÍSICA | |
| Extensión | 453cm. / 27cm. |
| 500 ## - NOTA GENERAL | |
| Nota general | Incluye ap‚ndice. |
| 650 ## - ASIENTO SECUNDARIO DE MATERIA - TERMINO TEMÁTICO | |
| Término temático o nombre geográfico como elemento de entrada | 1. ESTÁTICA \ 2. SISTEMAS DE FUERZAS EQUIVALENTES \ 3. FUERZAS INTERNAS |
| 700 ## - ASIENTO SECUNDARIO - NOMBRE PERSONAL | |
| Nombre personal | I. Ordoñez Reyna, Luis, Tr. |
| No. biblioteca | No. biblioteca | Número de clasificación | Código de barras/Número de adquisición | Número de copia | Tipo de material |
|---|---|---|---|---|---|
| LUIS G. INCLAN | LUIS G. INCLAN | 620.103 H784m | 11006 | 4 | Libros |
| LUIS G. INCLAN | LUIS G. INCLAN | 620.103 H784m | 9093 | 7 | Libros |
